Geography Quiz

Random Geography or Asia Quiz

Hidden Neighbors of Iran Quiz Stats

 Plays Quiz Updated Jun 14, 2018

Support Sporcle.
Go Orange.
Score 0/7 Timer 02:00
5 Plays Today
% Correct
Turkey
81.5%
Iraq
81.4%
Afghanistan
80.4%
Pakistan
74.4%
Turkmenistan
68.5%
Azerbaijan
66.5%
Armenia
65.4%

From the Vault

Capital City Middles

by manonthemoon

Someone got a little too crazy with the hedge trimmers on these capital cities.
Remove Ads.
Support Sporcle.
Get the best of Sporcle when you Go Orange. This ad-free experience offers more features, more stats, and more fun while also helping to support Sporcle. Thank you for becoming a member.

Show Comments

Extras

Top Quizzes Today


Score Distribution

Your Account Isn't Verified!

In order to create a playlist on Sporcle, you need to verify the email address you used during registration. Go to your Sporcle Settings to finish the process.

Report this User

Report this user for behavior that violates our Community Guidelines.

Details: